000 00598 a2200229 4500
260 _aParis
630 _a62 - Ingenierie. Art de lingenieur. Technologie en general
037 _b1, Achat
650 _a6 - SCIENCES APPLIQUEES
100 _aVabre, Jean-Paul
260 _bMasson
245 _aElectronique des impulsions.Tome IV, les générateurs spéciaux
300 _a213 p.
650 _aElectonique : générateur
260 _c1970
300 _b25 cm.
100 _lfr
440 _aLes techniques de base de l'iformatique
037 _aS 0095
999 _c37897
_d37897